<?xml version="1.0" encoding="UTF-8"?>
<record
    xmlns:xsi="http://www.w3.org/2001/XMLSchema-instance"
    xsi:schemaLocation="http://www.loc.gov/MARC21/slim http://www.loc.gov/standards/marcxml/schema/MARC21slim.xsd"
    xmlns="http://www.loc.gov/MARC21/slim">

  <leader>01867aam a2200373 i 4500</leader>
  <controlfield tag="001">157082</controlfield>
  <controlfield tag="003">CO-MdUADB</controlfield>
  <controlfield tag="005">20260506075454.0</controlfield>
  <controlfield tag="007">ta</controlfield>
  <controlfield tag="008">971211s1991    ck d   frt      1   spa  </controlfield>
  <datafield tag="020" ind1=" " ind2=" ">
    <subfield code="a">958140211X</subfield>
  </datafield>
  <datafield tag="035" ind1=" " ind2=" ">
    <subfield code="a">157082</subfield>
  </datafield>
  <datafield tag="035" ind1=" " ind2=" ">
    <subfield code="a">(OCoLC)778012374</subfield>
  </datafield>
  <datafield tag="040" ind1=" " ind2=" ">
    <subfield code="a">CO-MdUADB</subfield>
    <subfield code="b">spa</subfield>
    <subfield code="c">CO-MdUADB</subfield>
    <subfield code="e">rda</subfield>
  </datafield>
  <datafield tag="041" ind1="0" ind2=" ">
    <subfield code="a">spa</subfield>
  </datafield>
  <datafield tag="080" ind1=" " ind2=" ">
    <subfield code="a">WC</subfield>
  </datafield>
  <datafield tag="082" ind1=" " ind2="4">
    <subfield code="a">616</subfield>
  </datafield>
  <datafield tag="100" ind1="1" ind2=" ">
    <subfield code="a">Bonilla Castro, Elssy</subfield>
    <subfield code="4">aut</subfield>
    <subfield code="0">(isni)0000 0000 6651 3002</subfield>
    <subfield code="0">(viaf)19809820</subfield>
    <subfield code="e">aut</subfield>
    <subfield code="9">489709</subfield>
  </datafield>
  <datafield tag="245" ind1="1" ind2=" ">
    <subfield code="a">Salud y desarrollo : </subfield>
    <subfield code="b">aspectos socioecon&#xF3;micos de la malaria en Colombia</subfield>
  </datafield>
  <datafield tag="264" ind1=" " ind2="1">
    <subfield code="a">Bogot&#xE1; : </subfield>
    <subfield code="b">Plaza &amp; Jan&#xE9;s, </subfield>
    <subfield code="c">1991.</subfield>
  </datafield>
  <datafield tag="300" ind1=" " ind2=" ">
    <subfield code="a">262 p&#xE1;ginas : </subfield>
    <subfield code="b">gr&#xE1;ficas. </subfield>
  </datafield>
  <datafield tag="500" ind1=" " ind2=" ">
    <subfield code="a">GENERAL: incluye referencias bibliogr&#xE1;ficas; incluye &#xED;ndice. </subfield>
  </datafield>
  <datafield tag="505" ind1=" " ind2="0">
    <subfield code="t">Introducci&#xF3;n. --</subfield>
    <subfield code="t">Ubicaci&#xF3;n te&#xF3;rica del problema. --</subfield>
    <subfield code="t">El marco metodol&#xF3;gico. --</subfield>
    <subfield code="t">Los efectos de la Malaria. --</subfield>
    <subfield code="t">La incidencia de la Malaria. --</subfield>
    <subfield code="t">Consideraciones finales y sugerencias para tratar el problema de la Malaria.</subfield>
  </datafield>
  <datafield tag="520" ind1="3" ind2=" ">
    <subfield code="a">Las investigaciones que se rese&#xF1;an en este libro buscan estudiar un problema altamente conocido por las comunidades y las regiones afectadas por la enfermedad, pero frecuentemente ignorado o manejado de manera inadecuada por las instancias que toman las decisiones pertinentes a su prevenci&#xF3;n, tratamiento y eventual erradicaci&#xF3;n... (Tomado de la cubierta).</subfield>
  </datafield>
  <datafield tag="650" ind1=" " ind2="7">
    <subfield code="a">Malaria</subfield>
    <subfield code="2">lemb</subfield>
    <subfield code="9">21094</subfield>
  </datafield>
  <datafield tag="650" ind1=" " ind2="7">
    <subfield code="a">Epidemiolog&#xED;a</subfield>
    <subfield code="2">lemb</subfield>
    <subfield code="9">5453</subfield>
  </datafield>
  <datafield tag="650" ind1=" " ind2="0">
    <subfield code="a">Aspectos socioecon&#xF3;micos</subfield>
    <subfield code="9">63204</subfield>
  </datafield>
  <datafield tag="651" ind1=" " ind2="7">
    <subfield code="a">Colombia</subfield>
    <subfield code="2">embne</subfield>
    <subfield code="9">870547</subfield>
  </datafield>
  <datafield tag="700" ind1="1" ind2="0">
    <subfield code="a">Kuratomi, Luz Stella</subfield>
    <subfield code="4">aut</subfield>
    <subfield code="e">aut</subfield>
    <subfield code="9">508416</subfield>
  </datafield>
  <datafield tag="700" ind1="1" ind2="0">
    <subfield code="a">Rodriguez, Penelope</subfield>
    <subfield code="4">aut</subfield>
    <subfield code="e">aut</subfield>
    <subfield code="9">268078</subfield>
  </datafield>
  <datafield tag="700" ind1="1" ind2="0">
    <subfield code="a">Rodr&#xED;guez, Alejandro</subfield>
    <subfield code="4">aut</subfield>
    <subfield code="e">aut</subfield>
    <subfield code="9">856304</subfield>
  </datafield>
  <datafield tag="710" ind1=" " ind2=" ">
    <subfield code="9">832668</subfield>
    <subfield code="a">Universidad de Los Andes. Facultad de Econom&#xED;a. Centro de Estudios para el Desarrollo Econ&#xF3;mico. CEDE. </subfield>
    <subfield code="e">org</subfield>
  </datafield>
  <datafield tag="942" ind1=" " ind2=" ">
    <subfield code="c">BOOK</subfield>
    <subfield code="2">ddc</subfield>
  </datafield>
  <datafield tag="999" ind1=" " ind2=" ">
    <subfield code="c">73477</subfield>
    <subfield code="d">73477</subfield>
  </datafield>
  <datafield tag="952" ind1=" " ind2=" ">
    <subfield code="0">0</subfield>
    <subfield code="1">0</subfield>
    <subfield code="4">0</subfield>
    <subfield code="7">0</subfield>
    <subfield code="8">GENERAL</subfield>
    <subfield code="a">BSP</subfield>
    <subfield code="b">BSP</subfield>
    <subfield code="d">1998-05-28</subfield>
    <subfield code="i">C257715</subfield>
    <subfield code="l">0</subfield>
    <subfield code="o">WC750 S2-91</subfield>
    <subfield code="p">61000000502886</subfield>
    <subfield code="r">2023-04-21 00:00:00</subfield>
    <subfield code="t">2</subfield>
    <subfield code="w">2023-04-21</subfield>
    <subfield code="y">BOOK</subfield>
  </datafield>
  <datafield tag="952" ind1=" " ind2=" ">
    <subfield code="0">0</subfield>
    <subfield code="1">0</subfield>
    <subfield code="4">0</subfield>
    <subfield code="7">0</subfield>
    <subfield code="8">SEMIACTIV2</subfield>
    <subfield code="a">BSP</subfield>
    <subfield code="b">BSP</subfield>
    <subfield code="d">1998-05-28</subfield>
    <subfield code="i">C257716</subfield>
    <subfield code="l">0</subfield>
    <subfield code="o">WC750 S2-91 e2</subfield>
    <subfield code="p">61000000502944</subfield>
    <subfield code="r">2023-04-21 00:00:00</subfield>
    <subfield code="t">3</subfield>
    <subfield code="w">2023-04-21</subfield>
    <subfield code="y">BOOK</subfield>
  </datafield>
  <datafield tag="952" ind1=" " ind2=" ">
    <subfield code="0">0</subfield>
    <subfield code="1">0</subfield>
    <subfield code="4">0</subfield>
    <subfield code="7">0</subfield>
    <subfield code="8">SEMIACTIV2</subfield>
    <subfield code="a">BSP</subfield>
    <subfield code="b">BSP</subfield>
    <subfield code="d">1998-05-28</subfield>
    <subfield code="i">C257717</subfield>
    <subfield code="l">0</subfield>
    <subfield code="o">WC750 S2-91 e3</subfield>
    <subfield code="p">61000000502878</subfield>
    <subfield code="r">2023-04-21 00:00:00</subfield>
    <subfield code="t">4</subfield>
    <subfield code="w">2023-04-21</subfield>
    <subfield code="y">BOOK</subfield>
  </datafield>
</record>
